000 00496nam a2200181Ia 4500
001 11317
005 20260306162819.0
008 260306t2011||||xx |||||||||||||| ||spa||
041 _aESP
082 _a985.03
_bM33
100 _aMazzeo de Vivó, Cristina
_eAUT
245 0 _aLas relaciones de poder en el Perú:
_bestado, regiones e identidades locales siglos XVII-XIX
260 _c2011
300 _a235 páginas :
_c24 cm.
650 _aGEN
654 _aCHU
942 _cLIB
_dJUS
_fJUS
_2ddc
_n
999 _c11317
_d11317